Convexity and optimization in Banach spaces

Αποθηκεύτηκε σε:
Λεπτομέρειες βιβλιογραφικής εγγραφής
Κύριος συγγραφέας: Barbu, Viorel
Άλλοι συγγραφείς: Precupanu, Theodor 1941-
Μορφή: Βιβλίο
Γλώσσα:English
Δημοσίευση: Bucuresti, Romania : Dordrecht, Holland : Distributors for the USA and Canada, Kluwer : Editura Academiei;, D. Reidel;, 1986
Έκδοση:2nd rev. and extended ed.
Σειρά:Mathematics and its applications (D. Reidel Publishing Company). East European series
Θέματα:
Ετικέτες: Προσθήκη ετικέτας
Δεν υπάρχουν, Καταχωρήστε ετικέτα πρώτοι!

MARC

LEADER 00000cam a2200000 i 4500
001 1/31110
008 941103s1986 eng d
020 |a 90-277-1761-3 
035 |a 1990  |c ΚΑΣΤΡΑΝΤΑΣ  |l 10038743 
040 |a GR-MY-UA  |b gre  |e aacr 
041 0 |a eng 
082 0 |a 515.732  |2 (22) 
100 1 |a Barbu, Viorel. 
245 1 0 |a Convexity and optimization in Banach spaces /  |c V.Barbu and Th.Precupanu 
250 |a 2nd rev. and extended ed. 
260 |a Bucuresti, Romania :   |a Dordrecht, Holland :   |a Distributors for the USA and Canada, Kluwer :   |b Editura Academiei;,   |b D. Reidel;,   |c 1986 
300 |a xvii, 397 σ.;  |c 23 εκ. 
490 1 |a Mathematics and its applications (East European series) 
500 |a Μετάφραση του: Convexitate si optimizare in spatii Banach 
504 |a Περιλαμβάνει βιβλιογραφίες και ευρετήριο 
650 0 0 |a Banach spaces. 
650 0 0 |a Hilbert space. 
650 0 0 |a Convex functions. 
650 0 0 |a Convex programming. 
700 1 |a Precupanu, Theodor  |d 1941- 
830 0 |a Mathematics and its applications (D. Reidel Publishing Company). East European series 
852 |a INST  |b SAMOS  |e 19941103  |h 515.732 BAR  |p 005300005895  |q 005300005895  |t BK  |y 0 
852 |a INST  |b SYROS  |e 20071130  |h 515.732 BAR  |p 005500006861  |q 005500006861  |t BK  |y 0 
901 |a BIBL5-2007-3 
909 |a Ε  |b 139935 
909 |a Σ  |b 016818 
922 |a 5ΕΛΗ  |b 200710  |c ΕΠΕΑΕΚ2/ΤΜΣΠΣ  |d ΠΑΠΑΣΩΤΗΡΙΟΥ 
970 |a ΚΟΝΤΟΥ  |b ΠΑΡΑΣΚΕΥΗ  |z 2007/11/30